[Event "POL-chT4 Kujawsko-Pomorskie 1617"]
[Site "Poland"]
[Date "2017.02.12"]
[Round "8.13"]
[White "Zmijewski, Bogumil"]
[Black "Gorny, Jacek"]
[Result "1-0"]
[WhiteElo "1831"]
[BlackElo "1527"]
[PlyCount "155"]
[EventDate "2016.11.06"]
[EventType "team-tourn"]
[EventRounds "11"]
[EventCountry "POL"]
[SourceTitle "EXT 2019"]
[Source "ChessBase"]
[SourceDate "2018.10.10"]
[SourceVersion "1"]
[SourceVersionDate "2018.10.10"]
[SourceQuality "1"]

1. d4 c6 2. Nf3 d5 3. c4 Nf6 4. e3 Bf5 5. Nc3 e6 6. Qb3 Qc7 7. Bd2 Nbd7 8. h3 Be7 9. a4 Ne4 10. Rc1 Nxd2 11. Nxd2 0-0 12. cxd5 cxd5 13. Be2 Qb6 14. 0-0 Bb4 15. Bb5 Bxc3 16. Qxc3 Nf6 17. Qc7 Qxc7 18. Rxc7 a6 19. Be2 Rab8 20. Rfc1 Ne8 21. R7c3 Nd6 22. f3 b5 23. axb5 axb5 24. b3 b4 25. Rc6 Nb5 26. Bxb5 Rxb5 27. e4 dxe4 28. fxe4 Bg6 29. R1c5 Rbb8 30. d5 exd5 31. exd5 Rfd8 32. d6 Kf8 33. Kf2 f6 34. Nf3 Be4 35. Ra6 Bd3 36. Rac6 Bb5 37. Rc7 Rxd6 38. Ra7 Rd7 39. Rxb5 Rxa7 40. Rxb8+ Kf7 41. Rxb4 Ra2+ 42. Kg3 g5 43. h4 h6 44. hxg5 hxg5 45. Rb8 Rb2 46. b4 Rb3 47. Kg4 Rb2 48. g3 Kg6 49. Rb6 Rb3 50. Nd4 Rc3 51. Rc6 Rd3 52. Nf5 Rb3 53. Ne7+ Kf7 54. Nd5 f5+ 55. Kxg5 Rxg3+ 56. Kxf5 Ke8 57. Ke6 Rg6+ 58. Nf6+ Kd8 59. b5 Rg1 60. b6 Rb1 61. Kd6 Rb2 62. Nd5 Rb1 63. Rc7 Rb2 64. Rh7 Kc8 65. Kc6 Rc2+ 66. Kb5 Rb2+ 67. Nb4 Rb1 68. Rc7+ Kb8 69. Rg7 Ka8 70. Ka6 Ra1+ 71. Kb5 Rb1 72. Kc6 Rc1+ 73. Kd6 Rd1+ 74. Kc7 Rd7+ 75. Kxd7 Kb7 76. Nd5 Ka6 77. Kc8 Kb5 78. b7 1-0

[Event "POL-chT4 Kujawsko-Pomorskie 1617"]
[Site "Poland"]
[Date "2016.11.06"]
[Round "1.6"]
[White "Zmijewski, Bogumil"]
[Black "Katafiasz, Tomasz"]
[Result "0-1"]
[WhiteElo "1831"]
[BlackElo "1900"]
[PlyCount "146"]
[EventDate "2016.11.06"]
[EventType "team-tourn"]
[EventRounds "11"]
[EventCountry "POL"]
[SourceTitle "EXT 2019"]
[Source "ChessBase"]
[SourceDate "2018.10.10"]
[SourceVersion "1"]
[SourceVersionDate "2018.10.10"]
[SourceQuality "1"]

1. d4 Nf6 2. Nf3 g6 3. e3 Bg7 4. Bc4 d5 5. Bb3 0-0 6. Nbd2 c5 7. dxc5 Na6 8. c3 Nxc5 9. Bc2 b6 10. 0-0 Qc7 11. h3 Rd8 12. Nb3 Ba6 13. Re1 Nfe4 14. Nxc5 bxc5 15. Bd3 Bxd3 16. Qxd3 c4 17. Qe2 Rab8 18. Nd4 Nc5 19. Rd1 Nd3 20. Nf3 Qb6 21. Rd2 Rb7 22. Ne1 Nc5 23. Qd1 e6 24. Qc2 Qa5 25. Nf3 Rdb8 26. Nd4 Bxd4 27. exd4 Nb3 28. axb3 Qxa1 29. b4 a5 30. Rd1 Qa2 31. Bf4 axb4 32. Bxb8 Rxb8 33. cxb4 Rxb4 34. Rd2 Rb3 35. Qc1 Qa5 36. Qc2 Qb4 37. Kh2 Qd6+ 38. g3 e5 39. dxe5 Qxe5 40. Re2 Qf6 41. Rd2 Kg7 42. Kg1 Qb6 43. Rxd5 Rxg3+ 44. Kh2 Rf3 45. Kg2 Qc6 46. Kxf3 Qxd5+ 47. Qe4 Qc5 48. Qe3 Qf5+ 49. Ke2 Qd5 50. Qf3 Qe5+ 51. Qe3 Qxb2+ 52. Kf3 Qf6+ 53. Ke2 c3 54. Kd3 h5 55. Kc2 g5 56. Qxc3 Qxc3+ 57. Kxc3 Kf6 58. Kd3 Ke5 59. Ke3 f5 60. f3 f4+ 61. Kf2 Kd4 62. Ke2 Kc3 63. Kf2 Kd2 64. Kf1 Ke3 65. Kg2 Ke2 66. Kg1 Kxf3 67. Kh2 h4 68. Kg1 Kg3 69. Kh1 Kxh3 70. Kg1 g4 71. Kh1 g3 72. Kg1 g2 73. Kf2 Kh2 0-1

[Event "Bydgoszcz op"]
[Site "Bydgoszcz"]
[Date "2006.09.17"]
[Round "4"]
[White "Tadych, Anika"]
[Black "Zmijewski, Bogumil"]
[Result "1-0"]
[WhiteElo "1926"]
[BlackElo "1800"]
[PlyCount "37"]
[EventDate "2006.09.15"]
[EventType "swiss"]
[EventRounds "9"]
[EventCountry "POL"]
[SourceTitle "EXT 2007"]
[Source "ChessBase"]
[SourceDate "2006.11.23"]
[SourceVersion "1"]
[SourceVersionDate "2006.11.23"]
[SourceQuality "1"]

1. d4 d5 2. Bg5 c6 3. Nd2 g6 4. e3 Bg7 5. f4 Qa5 6. c3 Nf6 7. Bd3 Nbd7 8. Ngf3 c5 9. Ne5 cxd4 10. exd4 Nf8 11. Qe2 a6 12. 0-0 Ne4 13. Nxe4 dxe4 14. Nc4 Qc7 15. Bxe4 Ne6 16. Bh4 Nd8 17. f5 Ra7 18. Bg3 Qd7 19. Nb6 1-0

[Event "Bydgoszcz op"]
[Site "Bydgoszcz"]
[Date "2006.09.16"]
[Round "2"]
[White "Komorowski, Piotr"]
[Black "Zmijewski, Bogumil"]
[Result "0-1"]
[WhiteElo "1899"]
[BlackElo "1800"]
[PlyCount "66"]
[EventDate "2006.09.15"]
[EventType "swiss"]
[EventRounds "9"]
[EventCountry "POL"]
[SourceTitle "EXT 2007"]
[Source "ChessBase"]
[SourceDate "2006.11.23"]
[SourceVersion "1"]
[SourceVersionDate "2006.11.23"]
[SourceQuality "1"]

1. e4 e5 2. Nf3 Nc6 3. Bc4 Bc5 4. c3 Nf6 5. Nxe5 Nxe5 6. d4 Nxc4 7. dxc5 Qe7 8. 0-0 Qxc5 9. b3 Ne5 10. Be3 Qe7 11. Bg5 h6 12. Bh4 Ng6 13. e5 Nxh4 14. exf6 Qxf6 15. Qe2+ Qe6 16. Qh5 Ng6 17. Nd2 0-0 18. Rae1 Qc6 19. Re3 Qxg2+ 20. Kxg2 Nf4+ 21. Kf3 Nxh5 22. Rg1 Nf6 23. Kg2 b6 24. Kf1 Ba6+ 25. c4 d5 26. Rh3 Kh7 27. Rhg3 g6 28. f3 dxc4 29. bxc4 Rad8 30. R1g2 Rd4 31. Rf2 Rfd8 32. Rgg2 Nh5 33. Ke1 Nf4 0-1